000 00705nam a22002057a 4500
999 _c9088
_d9088
003 AR-CdUCM
008 190327b ||||| |||| 00| 0 spa d
040 _aMUNICIPALIDAD PROVINCIAL DEL CUSCO
_cBIBLIOTECA MUNICIPAL DEL CUSCO
082 _a860.73 /
_bR36
100 _aReinaga de A., Julia
_925082
245 _aCristal :
_bPoemas de amor y nostalgia /
260 _aPerú :
_c1953.
300 _c20.2 cm.
_a22 paginas ;
500 _aDedicatoria a Luis Nieto Contiene dedicatoria a Sr. Alberto Hidalgo de la misma autora del libro.
650 _aPoesia Cusqueña
_92323
650 _aPoesia Latinoamericana
_92147
650 _aPoesia Peruana
_9280
942 _2ddc
_cLIBROS
945 _apjha
_d2019-04-17